Data warehousing with Oracle : an administrator's handbook / (Record no. 62017)

000 -LEADER
fixed length control field 01207cam a2200301 a 4500
001 - CONTROL NUMBER
control field 2596820
003 - CONTROL NUMBER IDENTIFIER
control field NUST-PNEC
005 - DATE AND TIME OF LATEST TRANSACTION
control field 20170116180737.0
008 - FIXED-LENGTH DATA ELEMENTS--GENERAL INFORMATION
fixed length control field 970325s1998 njua b 001 0 eng
010 ## - LIBRARY OF CONGRESS CONTROL NUMBER
LC control number 97010661
020 ## - INTERNATIONAL STANDARD BOOK NUMBER
International Standard Book Number 0135705576
040 ## - CATALOGING SOURCE
Original cataloging agency DLC
Transcribing agency PNEC
Modifying agency DLC
050 00 - LIBRARY OF CONGRESS CALL NUMBER
Classification number QA76.9.D3
Item number Y39 1998
082 00 - DEWEY DECIMAL CLASSIFICATION NUMBER
Classification number 005.74068 YAZ
Edition number 21
100 1# - MAIN ENTRY--PERSONAL NAME
Personal name Yazdani, Sima.
245 10 - TITLE STATEMENT
Title Data warehousing with Oracle : an administrator's handbook /
Statement of responsibility, etc. Sima Yazdani, Shirley S. Wong.
260 ## - PUBLICATION, DISTRIBUTION, ETC.
Place of publication, distribution, etc. Upper Saddle River, NJ :
Name of publisher, distributor, etc. Prentice Hall,
Date of publication, distribution, etc. c1998.
300 ## - PHYSICAL DESCRIPTION
Extent xviii, 365 p. :
Other physical details ill. ;
Dimensions 24 cm.
504 ## - BIBLIOGRAPHY, ETC. NOTE
Bibliography, etc. note Includes bibliographical references (p. 345-347) and index.
630 00 - SUBJECT ADDED ENTRY--UNIFORM TITLE
Uniform title Oracle (Computer file)
650 #0 - SUBJECT ADDED ENTRY--TOPICAL TERM
Topical term or geographic name entry element Database management.
650 #0 - SUBJECT ADDED ENTRY--TOPICAL TERM
Topical term or geographic name entry element Data warehousing.
General subdivision Computer, MIS
700 1# - ADDED ENTRY--PERSONAL NAME
Personal name Wong, Shirley S.,
Dates associated with a name 1943-
856 ## - ELECTRONIC LOCATION AND ACCESS
Uniform Resource Identifier <a href="http://www.amazon.com/Data-Warehousing-Oracle-Administrators-Handbook/dp/0135705576/ref=sr_1_1?s=books&ie=UTF8&qid=1417088105&sr=1-1&keywords=0135705576">http://www.amazon.com/Data-Warehousing-Oracle-Administrators-Handbook/dp/0135705576/ref=sr_1_1?s=books&ie=UTF8&qid=1417088105&sr=1-1&keywords=0135705576</a>
906 ## - LOCAL DATA ELEMENT F, LDF (RLIN)
a 7
b cbc
c orignew
d 1
e ocip
f 19
g y-gencatlg
942 ## - ADDED ENTRY ELEMENTS (KOHA)
Source of classification or shelving scheme
Koha item type Book
Holdings
Withdrawn status Lost status Source of classification or shelving scheme Damaged status Not for loan Permanent Location Current Location Shelving location Date acquired Source of acquisition Cost, normal purchase price Total Checkouts Full call number Barcode Date last seen Cost, replacement price Price effective from Koha item type Date last checked out
          Pakistan Navy Engineering College (PNEC) Pakistan Navy Engineering College (PNEC)   11/03/2000 - 195.00   005.74068 YAZ PNECLIB-023161 11/27/2014 195.00 11/03/2000 Book  
          Pakistan Navy Engineering College (PNEC) Pakistan Navy Engineering College (PNEC)   11/03/2000 - 195.00 1 005.74068 YAZ PNECLIB-023160 01/08/2016 195.00 11/03/2000 Book 01/08/2016
© 2023 Central Library, National University of Sciences and Technology. All Rights Reserved.